[Event "Gora Sw Anny op 12th"]
[Site "Gora Sw Anny"]
[Date "2019.01.29"]
[Round "5"]
[White "Majek, Kacper"]
[Black "Malczyk, Rafal"]
[Result "1-0"]
[WhiteElo "1996"]
[BlackElo "2128"]
[PlyCount "69"]
[EventDate "2019.01.26"]
[EventType "swiss"]
[EventRounds "10"]
[EventCountry "POL"]
[SourceTitle "CBM 188 Extra"]
[Source "ChessBase"]
[SourceDate "2019.02.28"]
[SourceVersion "1"]
[SourceVersionDate "2019.02.28"]
[SourceQuality "1"]

1. e4 c5 2. Nf3 Nc6 3. d3 g6 4. g3 Bg7 5. Bg2 e6 6. 0-0 Nge7 7. c3 d5 8. Qe2 0-0 9. Nh4 Bf6 10. f4 Bxh4 11. gxh4 f5 12. e5 Kh8 13. Be3 b6 14. Nd2 d4 15. Bf2 dxc3 16. bxc3 Ba6 17. Nc4 Bxc4 18. dxc4 Qc7 19. h5 Rg8 20. Bh4 g5 21. Bxg5 h6 22. Bxh6 Rad8 23. Kh1 Rd7 24. Rad1 Rgd8 25. Bg5 Na5 26. h6 Kh7 27. Qh5 Ng6 28. Bxd8 Qxd8 29. Rxd7+ Qxd7 30. Rd1 Qa4 31. Rg1 Qe8 32. Bf1 Nc6 33. Qg5 Nce7 34. h4 Qa8+ 35. Bg2 1-0

[Event "POL-chT 2nd League"]
[Site "Miedzyzdroje"]
[Date "2009.09.17"]
[Round "6"]
[White "Malczyk, Rafal"]
[Black "Wieczorek, Oskar"]
[Result "0-1"]
[WhiteElo "2086"]
[BlackElo "2259"]
[PlyCount "84"]
[EventDate "2009.09.12"]
[EventType "team-swiss"]
[EventRounds "9"]
[EventCountry "POL"]
[SourceTitle "EXT 2019"]
[Source "ChessBase"]
[SourceDate "2018.10.10"]
[SourceVersion "1"]
[SourceVersionDate "2018.10.10"]
[SourceQuality "1"]
[WhiteTeam "Olsztyn AZS UWM"]
[BlackTeam "Wroclaw KS Polonia"]
[WhiteTeamCountry "POL"]
[BlackTeamCountry "POL"]

1. d4 Nf6 2. Nd2 d5 3. e3 g6 4. Bd3 Bg7 5. f4 b6 6. Ngf3 c5 7. c3 0-0 8. Nf1 Ba6 9. Ng3 Bxd3 10. Qxd3 e6 11. 0-0 Nc6 12. Ne5 Ne7 13. b3 Nf5 14. Rf3 Nxg3 15. Rxg3 Ne4 16. Rh3 f5 17. Bd2 Bxe5 18. dxe5 a5 19. Be1 a4 20. b4 cxb4 21. cxb4 Qd7 22. Bc3 Rfc8 23. Bd4 Rc4 24. a3 Rac8 25. Rf3 Rc2 26. Qa6 Rd2 27. Kh1 Rcc2 28. Qa8+ Kg7 29. Rg1 b5 30. h3 Qc8 31. Qa7+ Rc7 32. Qa5 Qb7 33. Bb6 Rc8 34. Kh2 Rdc2 35. Rff1 R2c6 36. Qxb5 Qxb6 37. Qxa4 Qxe3 38. b5 Rc2 39. Qa6 Qg3+ 40. Kh1 Nf2+ 41. Rxf2 Qxf2 42. Qxe6 Qxf4 0-1

[Event "Olsztyn-ch"]
[Site "Olsztyn"]
[Date "2008.04.26"]
[Round "7.6"]
[White "Malczyk, Rafal"]
[Black "Darowicki, Mariusz"]
[Result "0-1"]
[WhiteElo "2108"]
[BlackElo "1952"]
[PlyCount "110"]
[EventDate "2008.04.19"]
[EventType "swiss"]
[EventRounds "9"]
[EventCountry "POL"]
[SourceTitle "EXT 2023"]
[Source "ChessBase"]
[SourceDate "2022.10.05"]
[SourceVersion "1"]
[SourceVersionDate "2022.10.05"]
[SourceQuality "1"]

1. Nf3 Nc6 2. d4 d5 3. e3 Bg4 4. h3 Bh5 5. Nbd2 Nf6 6. c4 e6 7. cxd5 exd5 8. Qa4 Bd6 9. Bb5 0-0 10. Bxc6 bxc6 11. Qxc6 Re8 12. b3 Rb8 13. Bb2 Rb6 14. Qc1 Bxf3 15. gxf3 Qd7 16. Qc2 Rc6 17. Qd3 Qe6 18. Ke2 Nh5 19. Kd1 g6 20. Rc1 Rxc1+ 21. Kxc1 Rc8 22. Kb1 a5 23. a3 Qe7 24. Ka2 Rb8 25. f4 f5 26. Nf3 Qe4 27. Qxe4 fxe4 28. Nd2 Nf6 29. Rc1 Kf7 30. Nb1 Ke6 31. Rc6 Rb6 32. Rxb6 cxb6 33. Nd2 Kf5 34. Nf1 g5 35. Ng3+ Kg6 36. f5+ Kh6 37. Bc3 Bxg3 38. fxg3 g4 39. h4 Nh5 40. Be1 Ng7 41. f6 Nf5 42. b4 a4 43. b5 Kh5 44. Ba5 Kg6 45. Bxb6 Nd6 46. Bc7 Nxb5 47. Be5 Nc3+ 48. Ka1 Nd1 49. Bf4 Kxf6 50. Kb1 Nf2 51. Kc2 h5 52. Bc7 Kf5 53. Kc3 Nd1+ 54. Kb4 Nxe3 55. Kxa4 Nc4 0-1

[Event "Olsztyn-ch"]
[Site "Olsztyn"]
[Date "2008.04.19"]
[Round "1.5"]
[White "Stempka, Jerzy"]
[Black "Malczyk, Rafal"]
[Result "0-1"]
[WhiteElo "1719"]
[BlackElo "2108"]
[PlyCount "88"]
[EventDate "2008.04.19"]
[EventType "swiss"]
[EventRounds "9"]
[EventCountry "POL"]
[SourceTitle "EXT 2023"]
[Source "ChessBase"]
[SourceDate "2022.10.05"]
[SourceVersion "1"]
[SourceVersionDate "2022.10.05"]
[SourceQuality "1"]

1. d4 Nf6 2. c4 g6 3. Nc3 c5 4. d5 Bg7 5. e4 d6 6. Nf3 0-0 7. Be2 e6 8. 0-0 Re8 9. Bg5 h6 10. Bh4 exd5 11. exd5 g5 12. Bg3 Nh5 13. Nd2 Nxg3 14. fxg3 Qe7 15. Bh5 Rf8 16. Qc2 Nd7 17. Rae1 Ne5 18. g4 a6 19. a4 Rb8 20. h3 b5 21. axb5 axb5 22. cxb5 Bd7 23. b3 Bxb5 24. Nxb5 Rxb5 25. Qe4 Rb4 26. Qf5 Rd4 27. Nc4 Rxd5 28. Nb6 Rd2 29. Qe4 Qa7 30. Nc4 Nxc4 31. Qxc4 d5 32. Qb5 f6 33. Kh1 Qa2 34. Rg1 Qa7 35. Re8 Rf2 36. Bg6 Qc7 37. Rxf8+ Bxf8 38. Qe8 Qe7 39. Qa8 Rd2 40. Qa1 Kg7 41. Bf5 Re2 42. Qb1 Qe5 43. Bh7 Bd6 44. Qg6+ Kf8 0-1

[Event "Ketrzyn op"]
[Site "Ketrzyn"]
[Date "2007.12.28"]
[Round "4"]
[White "Malczyk, Rafal"]
[Black "Matuszewski, Michal"]
[Result "1/2-1/2"]
[WhiteElo "2113"]
[BlackElo "2175"]
[PlyCount "79"]
[EventDate "2007.12.27"]
[EventType "swiss"]
[EventRounds "9"]
[EventCountry "POL"]
[SourceTitle "CBM 122 Extra"]
[Source "ChessBase"]
[SourceDate "2008.03.04"]
[SourceVersion "1"]
[SourceVersionDate "2008.03.04"]
[SourceQuality "1"]

1. d4 Nf6 2. Nf3 e6 3. c4 Bb4+ 4. Nfd2 0-0 5. a3 Bxd2+ 6. Nxd2 d6 7. e4 Nc6 8. d5 exd5 9. cxd5 Nxd5 10. g3 Nf6 11. b4 Qe8 12. Bg2 a5 13. b5 Ne5 14. Qe2 Bd7 15. Rb1 a4 16. f4 Ng6 17. 0-0 Ra5 18. Re1 Rxb5 19. Bb2 Bc6 20. Qc4 Nd7 21. h4 Rc5 22. Qd4 f6 23. Bf3 Qf7 24. h5 Ne7 25. g4 Bb5 26. Qf2 Nc6 27. h6 g5 28. Rec1 Bd3 29. Rxc5 Nxc5 30. Re1 gxf4 31. g5 fxg5 32. e5 Bf5 33. exd6 Nd3 34. Qg2 Nxe1 35. Qxg5+ Qg6 36. Bd5+ Rf7 37. Qxg6+ Bxg6 38. dxc7 Na7 39. Bd4 Nc8 40. Nc4 1/2-1/2

[Event "POL-chT 2nd League"]
[Site "Wysowa"]
[Date "2007.09.09"]
[Round "7"]
[White "Malczyk, Rafal"]
[Black "Walentukiewicz, Michal"]
[Result "1-0"]
[WhiteElo "2113"]
[BlackElo "2201"]
[PlyCount "86"]
[EventDate "2007.09.03"]
[EventType "team-swiss"]
[EventRounds "9"]
[EventCountry "POL"]
[SourceTitle "EXT 2010"]
[Source "ChessBase"]
[SourceDate "2010.11.25"]
[SourceVersion "1"]
[SourceVersionDate "2010.11.25"]
[SourceQuality "1"]
[WhiteTeam "Olsztyn AZS UMW"]
[BlackTeam "Katowice Wasko II"]
[WhiteTeamCountry "POL"]
[BlackTeamCountry "POL"]

1. d4 g6 2. Nf3 Bg7 3. c4 c5 4. d5 d6 5. e4 Nf6 6. Nc3 0-0 7. h3 e6 8. Bd3 exd5 9. cxd5 Na6 10. 0-0 Nc7 11. a4 Rb8 12. Bf4 b6 13. Nd2 Nfe8 14. Nc4 Ba6 15. Bh2 Qd7 16. f4 Bxc4 17. Bxc4 a6 18. e5 b5 19. Ba2 bxa4 20. e6 fxe6 21. dxe6 Qe7 22. Qxa4 Rxb2 23. Qd7 Bf6 24. Ne4 Kg7 25. Nxf6 Kxf6 26. f5 g5 27. Qa4 Kg7 28. Rad1 Nb5 29. Be5+ dxe5 30. Rd7 Qxd7 31. exd7 Nf6 32. Qxa6 Nd4 33. Qe6 Ne2+ 34. Kh2 Nf4 35. Qc6 Rxg2+ 36. Kh1 Rd2 37. Qxc5 Rf7 38. Qxe5 Rfxd7 39. Be6 R7d6 40. h4 h6 41. hxg5 hxg5 42. Rg1 N4h5 43. Rxg5+ Kf8 1-0

[Event "POL-chT 2nd League"]
[Site "Wysowa"]
[Date "2007.09.05"]
[Round "3"]
[White "Sliwerski, Radoslaw"]
[Black "Malczyk, Rafal"]
[Result "1-0"]
[WhiteElo "2139"]
[BlackElo "2113"]
[PlyCount "57"]
[EventDate "2007.09.03"]
[EventType "team-swiss"]
[EventRounds "9"]
[EventCountry "POL"]
[SourceTitle "EXT 2010"]
[Source "ChessBase"]
[SourceDate "2010.11.25"]
[SourceVersion "1"]
[SourceVersionDate "2010.11.25"]
[SourceQuality "1"]
[WhiteTeam "Miedzyborow Wrzos"]
[BlackTeam "Olsztyn AZS UMW"]
[WhiteTeamCountry "POL"]
[BlackTeamCountry "POL"]

1. d4 Nf6 2. c4 c5 3. Nf3 g6 4. Nc3 Bg7 5. g3 Nc6 6. Bg2 0-0 7. 0-0 cxd4 8. Nxd4 Nxd4 9. Qxd4 d6 10. Qd3 Rb8 11. h3 Bd7 12. e4 Bc6 13. Be3 b6 14. Rfe1 Nd7 15. Rad1 Qc7 16. Bd4 Nc5 17. Qe2 e5 18. Be3 f5 19. exf5 Bxg2 20. Kxg2 gxf5 21. Qd2 e4 22. Nd5 Qf7 23. b3 Nd3 24. Re2 Qh5 25. Nf4 Qf3+ 26. Kh2 Nxf4 27. Bxf4 Be5 28. Bxe5 dxe5 29. Qd5+ 1-0

[Event "Rewal op 11th"]
[Site "Rewal"]
[Date "2006.08.23"]
[Round "4"]
[White "Malczyk, Rafal"]
[Black "Leks, Hanna"]
[Result "0-1"]
[WhiteElo "2081"]
[BlackElo "2212"]
[PlyCount "140"]
[EventDate "2006.08.21"]
[EventType "swiss"]
[EventRounds "11"]
[EventCountry "POL"]
[SourceTitle "EXT 2010"]
[Source "ChessBase"]
[SourceDate "2010.11.25"]
[SourceVersion "1"]
[SourceVersionDate "2010.11.25"]
[SourceQuality "1"]

1. Nf3 d6 2. g3 e5 3. d3 g6 4. Bg2 Bg7 5. 0-0 Ne7 6. Nc3 0-0 7. e4 c5 8. Nh4 Nbc6 9. Be3 Nd4 10. Qd2 Rb8 11. Rae1 b5 12. f4 exf4 13. Bxf4 Be6 14. Bg5 f6 15. Be3 d5 16. exd5 Bxd5 17. Nxd5 Nxd5 18. c3 Ne6 19. Bh6 Ndc7 20. Bxg7 Kxg7 21. Nf3 Qd6 22. d4 Rbd8 23. Rd1 Qa6 24. Qf2 c4 25. Rfe1 Qd6 26. Nd2 f5 27. Qe3 Rf7 28. Qe5+ Kg8 29. Qxd6 Rxd6 30. Re5 Rfd7 31. Rde1 Kf7 32. h3 Ng7 33. Nf3 Nge6 34. R5e2 Rd8 35. Ne5+ Kf6 36. g4 Nf4 37. Rf2 Nxg2 38. Kxg2 Nd5 39. Kh2 f4 40. g5+ Kg7 41. Ng4 Rf8 42. Re5 a5 43. Nh6 b4 44. b3 cxb3 45. c4 bxa2 46. Rxa2 b3 47. Rxa5 b2 48. Ra7+ Kh8 49. Nf7+ Kg8 50. Nh6+ Kh8 51. Rb7 Rb6 52. Ree7 Rxb7 53. Rxb7 f3 54. Ng4 f2 55. Nxf2 Rxf2+ 56. Kg3 Rf1 57. Rxb2 Ne3 58. Rb8+ Kg7 59. Rc8 Rc1 60. Rc7+ Kg8 61. Rc8+ Kf7 62. Rc7+ Ke6 63. d5+ Ke5 64. Re7+ Kd4 65. Rxh7 Rxc4 66. Rh4+ Kxd5 67. Rxc4 Kxc4 68. h4 Nf5+ 69. Kg4 Ng7 70. h5 Nxh5 0-1